000 00895nam a2200217Ia 4500
003 Ost
005 20260507075655.0
008 260507s9999||||xx |||||||||||||| ||und||
040 _cfsecg
041 _aara
082 _a346.07
100 _aسامي، محمد فوزي
_eمؤلف
245 0 _aشرح القانون التجاري /
_c محمد فوزي سامي
260 _aعمان:
_bمكتبة دار الثقافة للنشر والتوزيع,
_c2004
300 _a337 صفحة؛
_bإيضاحات ؛
_c24 سم
504 _aالمراجع ص.321
520 _aنشوء القانون التجاري وتطوره، الأعمال التجارية وتطورها، التاجر والمتجر، العقود التجارية أحكامها العامة وتطورها.
653 _aالأعمال التجارية
653 _aالقانون التجاري
942 _cكتاب
999 _c45675
_d45675